Online
Catalog

Artículos y conferencias / (Record no. 56129)

MARC details
000 -CABECERA
campo de control de longitud fija 01556nam a2200277 i 4500
003 - IDENTIFICADOR DEL NÚMERO DE CONTROL
campo de control DO-SdBNP
005 - FECHA Y HORA DE LA ÚLTIMA TRANSACCIÓN
campo de control 20251104091242.0
007 - CAMPO FIJO DE DESCRIPCIÓN FÍSICA--INFORMACIÓN GENERAL
campo de control de longitud fija ta
008 - DATOS DE LONGITUD FIJA--INFORMACIÓN GENERAL
campo de control de longitud fija 240318s1987 dr a 000 j spa d
040 ## - FUENTE DE LA CATALOGACIÓN
Centro catalogador/agencia de origen DO-SdBNP
Lengua de catalogación spa
Centro/agencia transcriptor BNPHU
Normas de descripción rda
082 #4 - NÚMERO DE LA CLASIFICACIÓN DECIMAL DEWEY
Número de clasificación 972.93
Número de documento/Ítem B742a
Número de edición 22
100 ## - ENTRADA PRINCIPAL--NOMBRE DE PERSONA
Nombre de persona Bosch, Juan,
Término indicativo de función/relación autor
Fechas asociadas al nombre 1909-2001
9 (RLIN) 37867
245 10 - MENCIÓN DE TÍTULO
Título Artículos y conferencias /
Mención de responsabilidad, etc. Juan Bosch
264 #1 - PRODUCCIÓN, PUBLICACIÓN, DISTRIBUCIÓN, FABRICACIÓN Y COPYRIGHT
Producción, publicación, distribución, fabricación y copyright Santo Domingo :
Nombre del de productor, editor, distribuidor, fabricante Corripio,
--
Fecha de producción, publicación, distribución, fabricación o copyright 1987
300 ## - DESCRIPCIÓN FÍSICA
Extensión 253 páginas ;
Dimensiones 22 cm.
336 ## - TIPO DE CONTENIDO
Fuente rdacontent
Término de tipo de contenido texto
Código de tipo de contenido txt
337 ## - TIPO DE MEDIO
Fuente rdamedia
Nombre/término del tipo de medio sin mediación
Código del tipo de medio n
338 ## - TIPO DE SOPORTE
Fuente rdacarrier
Nombre/término del tipo de soporte volumen
Código del tipo de soporte nc
505 ## - NOTA DE CONTENIDO CON FORMATO
Nota de contenido con formato Tres Conferencias Sobre la Inflación 7 -- Datos Para la Historia del Azúcar en la República Dominicana 59 -- Mon Cáceres, El Tiranicida 109 -- DE LITERATURA OPINIONES SOBRE DOS NOVELAS DE GABRIEL GARCÍA MARQUEZ Y UNA DE MIGUEL OTERO SILVA. Cien Años de Soledad 147 -- Carta al autor de "La Increíble y Triste Historia de la Cándida Erendira y de su Abuela Desalmada" 158 -- Palabras en Torno a Casas Muertas 162 -- García Godoy y su Obra 163 -- ARTICULOS POLÍTICOS. Las Panteras Negras: Un Caso de Sociología Política 185 -- El PRD y la Lucha de Clases 197 -- POLÉMICA Y ACLARACIÓN. Prólogo Indispensable a una Breve Historia de la Oligarquí 209 -- Una Aclaración Necesaria 239
590 ## - NOTA LOCAL (RLIN)
Nota local Inventariado, 2024/ DG
600 10 - PUNTO DE ACCESO ADICIONAL DE MATERIA--NOMBRE DE PERSONA
Nombre de persona Cáceres, Ramón
Fechas asociadas al nombre 1866-1911
9 (RLIN) 196
650 #4 - PUNTO DE ACCESO ADICIONAL DE MATERIA--TÉRMINO DE MATERIA
Término de materia o nombre geográfico como elemento de entrada Inflación
9 (RLIN) 201
Subdivisión de forma Ensayos, conferencias, etc.
650 #4 - PUNTO DE ACCESO ADICIONAL DE MATERIA--TÉRMINO DE MATERIA
Término de materia o nombre geográfico como elemento de entrada Industria azucarera
Subdivisión geográfica República Dominicana
Subdivisión general Historia
9 (RLIN) 85056
910 ## - DATOS DE OPCIÓN DEL USUARIO (OCLC)
Datos de opción del usuario DG
942 ## - ELEMENTOS DE PUNTO DE ACCESO ADICIONAL (KOHA)
Fuente del sistema de clasificación o colocación Dewey Decimal Classification
Tipo de ítem Koha Libro
Holdings
Estado de retiro Estado de pérdida Fuente del sistema de clasificación o colocación Restricciones de uso No para préstamo Código de colección Localización permanente Ubicación/localización actual Ubicación en estantería Fecha de adquisición Fuente de adquisición Total de préstamos Signatura topográfica completa Código de barras Fecha visto por última vez Precio válido a partir de Tipo de ítem Koha
    Dewey Decimal Classification Excluido de préstamo   Patrimonio Dominicano Biblioteca Nacional Pedro Henríquez Ureña Biblioteca Nacional Pedro Henríquez Ureña En catalogación 18.03.2024 donación   BNPHU PD 972.93 B742a 2024-1533 18.03.2024 18.03.2024 Libro

Powered by Koha